| 000 | 00420nam a2200157Ia 4500 | ||
|---|---|---|---|
| 008 | 151213s9999 xx 000 0 und d | ||
| 020 | _a0-87207-199-5 | ||
| 100 | _aDiane Barone | ||
| 245 |
_aResilient Children _cDiane Barone |
||
| 260 |
_aNew York _bInternational Reading Association _c1999 |
||
| 300 | _a6491 p. | ||
| 650 | _aEnglish Language | ||
| 650 | _aEnglish Language | ||
| 700 | _aDiane Barone | ||
| 999 |
_c3581 _d3581 |
||